Eastern Utah Libraries Catalog: Duchesne, Heber, Roosevelt, & Vernal

Eva and the new teacher / (Record no. 409369)

MARC details
000 -LEADER
fixed length control field 01963pam a2200577 i 4500
001 - CONTROL NUMBER
control field 2024052287
003 - CONTROL NUMBER IDENTIFIER
control field DLC
005 - DATE AND TIME OF LATEST TRANSACTION
control field 20250811170102.0
008 - FIXED-LENGTH DATA ELEMENTS--GENERAL INFORMATION
fixed length control field 241206t20252025nyua b 000 1 eng
010 ## - LIBRARY OF CONGRESS CONTROL NUMBER
LC control number 2024052287
020 ## - INTERNATIONAL STANDARD BOOK NUMBER
International Standard Book Number 9781546127086
Qualifying information (hbk.)
020 ## - INTERNATIONAL STANDARD BOOK NUMBER
International Standard Book Number 1546127089
020 ## - INTERNATIONAL STANDARD BOOK NUMBER
International Standard Book Number 9781546127079
Qualifying information (pbk.)
020 ## - INTERNATIONAL STANDARD BOOK NUMBER
Cancelled/invalid ISBN 9781546127093
Qualifying information (ebk.)
035 ## - SYSTEM CONTROL NUMBER
System control number (OCoLC)1450555942
040 ## - CATALOGING SOURCE
Original cataloging agency DLC
Language of cataloging eng
Description conventions rda
Transcribing agency DLC
Modifying agency TnLvILS
042 ## - AUTHENTICATION CODE
Authentication code pcc
-- cyac
050 00 - LIBRARY OF CONGRESS CALL NUMBER
Classification number PZ7.E45812
Item number Epf 2025
082 00 - DEWEY DECIMAL CLASSIFICATION NUMBER
Classification number [Fic]
Edition number 23/eng/20250618
092 ## - LOCALLY ASSIGNED DEWEY CALL NUMBER (OCLC)
Classification number BJ
100 1# - MAIN ENTRY--PERSONAL NAME
Personal name Elliot, Rebecca,
Relator term author,
-- illustrator.
9 (RLIN) 6475012
245 10 - TITLE STATEMENT
Title Eva and the new teacher /
Statement of responsibility, etc Rebecca Elliott.
250 ## - EDITION STATEMENT
Edition statement First edition.
264 #1 - Production, Publication, Distribution, Manufacture, and Copyright Notice.
Place of production, publication, distribution, manufacture New York, NY :
Name of producer, publisher, distributor, manufacturer Scholastic, Inc.,
Date of production, publication, distribution, manufacture, or copyr 2025.
264 #4 - Production, Publication, Distribution, Manufacture, and Copyright Notice.
Date of production, publication, distribution, manufacture, or copyr �2025
300 ## - PHYSICAL DESCRIPTION
Extent 72 pages :
Other physical details color illustrations ;
Dimensions 20 cm.
336 ## - Content Type
Content type term text
336 ## - Content Type
Content type term still image
337 ## - Media type
Media type term unmediated
338 ## - Carrier type
Carrier type term volume
490 1# - SERIES STATEMENT
Series statement Owl diaries ;
Volume number/sequential designation 21
490 1# - SERIES STATEMENT
Series statement Branches
520 ## - SUMMARY, ETC.
Summary, etc "Eva and her friends meet a new art teacher who helps them express their feelings through art"--
521 1# - TARGET AUDIENCE NOTE
Target audience note Ages 5 -7.
Source Branches, Scholastic, Inc.
521 2# - TARGET AUDIENCE NOTE
Target audience note Grades K-1.
Source Branches, Scholastic, Inc.
650 #0 - SUBJECT ADDED ENTRY--TOPICAL TERM
Topical term or geographic name as entry element Owls
Form subdivision Juvenile fiction.
9 (RLIN) 5702979
650 #0 - SUBJECT ADDED ENTRY--TOPICAL TERM
Topical term or geographic name as entry element Painting
Form subdivision Juvenile fiction.
9 (RLIN) 5700530
650 #0 - SUBJECT ADDED ENTRY--TOPICAL TERM
Topical term or geographic name as entry element Emotions
Form subdivision Juvenile fiction.
650 #0 - SUBJECT ADDED ENTRY--TOPICAL TERM
Topical term or geographic name as entry element Schools
Form subdivision Juvenile fiction.
650 #0 - SUBJECT ADDED ENTRY--TOPICAL TERM
Topical term or geographic name as entry element Diaries
Form subdivision Juvenile fiction.
9 (RLIN) 5675979
650 #1 - SUBJECT ADDED ENTRY--TOPICAL TERM
Topical term or geographic name as entry element Owls
Form subdivision Fiction.
9 (RLIN) 5676079
650 #1 - SUBJECT ADDED ENTRY--TOPICAL TERM
Topical term or geographic name as entry element Painting
Form subdivision Fiction.
9 (RLIN) 5675207
650 #1 - SUBJECT ADDED ENTRY--TOPICAL TERM
Topical term or geographic name as entry element Emotions
Form subdivision Fiction.
650 #1 - SUBJECT ADDED ENTRY--TOPICAL TERM
Topical term or geographic name as entry element Schools
Form subdivision Fiction.
9 (RLIN) 5673727
650 #1 - SUBJECT ADDED ENTRY--TOPICAL TERM
Topical term or geographic name as entry element Diaries
Form subdivision Fiction.
9 (RLIN) 5674805
655 #7 - INDEX TERM--GENRE/FORM
Genre/form data or focus term Animal fiction.
Source of term lcgft
9 (RLIN) 5748285
655 #7 - INDEX TERM--GENRE/FORM
Genre/form data or focus term Diary fiction.
Source of term lcgft
800 1# - SERIES ADDED ENTRY--PERSONAL NAME
Personal name Elliott, Rebecca.
Title of a work Owl diaries ;
Volume/sequential designation 21.
9 (RLIN) 5810119
830 #0 - SERIES ADDED ENTRY--UNIFORM TITLE
Uniform title Branches (Scholastic Inc.)
9 (RLIN) 5728641
942 ## - ADDED ENTRY ELEMENTS (KOHA)
Source of classification or shelving scheme Dewey Decimal Classification
Koha item type BOOK
Holdings
Withdrawn status Lost status Source of classification or shelving scheme Damaged status Not for loan Collection code Home library Current library Shelving location Date acquired Source of acquisition Serial Enumeration / chronology Total Checkouts Total Renewals Full call number Barcode Date last seen Date checked out Cost, replacement price Price effective from Koha item type
    Dewey Decimal Classification     Junior Fiction Wasatch County Library Wasatch County Library Main Floor Junior Area 07/02/2025 Ingram #21 Owl Diaries 7 4 J Elliott 34301002160390 01/26/2026 01/20/2026 24.99 07/02/2025 BOOK
This project was made possible through a grant from the Institute of Museum and Library Service administered by the Utah State Library Division.

Wasatch County Library

  • 465 East 1200 South, Heber City, Utah 84032
  • Phone 435-654-1511 | Fax 435-654-6456

Hours

  • Monday - Friday 9:30 AM - 8:00 PM
  • Saturday 9:30 AM - 1:30 PM
  • Closed Sundays and Holidays